[Event "Titled Tue 17th Jun Late"]
[Site "chess.com INT"]
[Date "2025.06.17"]
[Round "2"]
[White "Sobek, Jaroslav"]
[Black "Veiga, Jose Francisco R P Neves"]
[Result "1-0"]
[WhiteTitle "FM"]
[BlackTitle "IM"]
[WhiteElo "2195"]
[BlackElo "2390"]
[WhiteFideId "301388"]
[BlackFideId "1930087"]
[EventDate "2025.06.17"]

1. d4 Nf6 2. c4 e6 3. Bf4 Bb4+ 4. Nd2 b6 5. a3 Bxd2+ 6. Qxd2 Bb7 7. f3 d6 8. Bg3
Nbd7 9. e3 O-O 10. Nh3 a5 11. Be2 Qe7 12. O-O e5 13. d5 a4 14. Nf2 Nc5 15. Bh4
Nb3 16. Qc2 Nxa1 17. Rxa1 h6 18. Ng4 g5 19. Nxh6+ Kg7 20. Nf5+ Kh8 21. Nxe7 gxh4
22. Qf5 1-0

[Event "Titled Tue 17th Jun Late"]
[Site "chess.com INT"]
[Date "2025.06.17"]
[Round "2"]
[White "Maghsoodloo, Parham"]
[Black "Robert, Yoann"]
[Result "1-0"]
[WhiteTitle "GM"]
[BlackTitle "CM"]
[WhiteElo "2691"]
[BlackElo "2203"]
[WhiteFideId "12539929"]
[BlackFideId "36018805"]
[EventDate "2025.06.17"]

1. e4 c5 2. Nc3 Nc6 3. Nf3 Nf6 4. Bb5 Qc7 5. O-O e5 6. Nd5 Nxd5 7. exd5 Nd4 8.
Nxd4 cxd4 9. d3 a6 10. Bc4 d6 11. f4 b5 12. Bb3 f6 13. a4 bxa4 14. Rxa4 Be7 15.
Rc4 Qb7 16. fxe5 dxe5 17. Qh5+ g6 18. Qh6 Bf8 19. Qh4 Bg7 20. d6 Bd7 21. Rxf6
Rc8 22. Rf7 1-0

[Event "Titled Tue 17th Jun Late"]
[Site "chess.com INT"]
[Date "2025.06.17"]
[Round "2"]
[White "Nedelcu, Teodor-Cosmin"]
[Black "Suleymanli, Aydin"]
[Result "0-1"]
[WhiteTitle "FM"]
[BlackTitle "GM"]
[WhiteElo "2281"]
[BlackElo "2608"]
[WhiteFideId "1246305"]
[BlackFideId "13413937"]
[EventDate "2025.06.17"]

1. d4 Nf6 2. c4 e6 3. Nc3 Bb4 4. e3 b6 5. Bd3 Bb7 6. f3 c5 7. Ne2 cxd4 8. exd4
O-O 9. O-O d5 10. a3 Bxc3 11. bxc3 dxc4 12. Bxc4 Nc6 13. Bg5 Rc8 14. Bd3 h6 15.
Bh4 Na5 16. Rc1 Nc4 17. Qb3 Nd2 18. Qc2 Nxf1 19. Rxf1 Re8 20. Ng3 g5 21. Qd2
gxh4 22. Qxh6 hxg3 23. hxg3 Rxc3 24. Bb1 Qxd4+ 25. Kh2 Qe5 26. Rd1 Ng4+ 0-1

[Event "Titled Tue 17th Jun Late"]
[Site "chess.com INT"]
[Date "2025.06.17"]
[Round "2"]
[White "Pullela, Sricharan"]
[Black "Romany, Joy"]
[Result "0-1"]
[BlackTitle "WIM"]
[WhiteElo "2144"]
[BlackElo "1960"]
[WhiteFideId "30951089"]
[BlackFideId "10656820"]
[EventDate "2025.06.17"]

1. d4 Nf6 2. Nf3 e6 3. Bg5 Be7 4. e3 b6 5. Bd3 Bb7 6. O-O O-O 7. Nbd2 d6 8. c4
Nbd7 9. b4 c5 10. b5 h6 11. Bh4 d5 12. cxd5 Nxd5 13. Bxe7 Qxe7 14. Nb3 Rac8 15.
dxc5 Nxc5 16. Bc4 Rfd8 17. Rc1 Nxe3 18. Qe2 Nxf1 19. Rxf1 Qf6 0-1

[Event "Titled Tue 17th Jun Late"]
[Site "chess.com INT"]
[Date "2025.06.17"]
[Round "2"]
[White "Parkhurst Casas, Andrea Ju"]
[Black "Norman, Kseniya"]
[Result "0-1"]
[WhiteTitle "WCM"]
[BlackTitle "WFM"]
[WhiteElo "1722"]
[BlackElo "2069"]
[WhiteFideId "5117496"]
[BlackFideId "13518780"]
[EventDate "2025.06.17"]

1. d4 Nf6 2. e3 g6 3. f4 Bg7 4. Nf3 O-O 5. Bd3 d6 6. O-O Nc6 7. c3 e5 8. Bc2 Bg4
9. Qe1 Bxf3 10. Rxf3 e4 11. Rf1 d5 12. f5 Qd7 13. fxg6 fxg6 14. Nd2 Ne7 15. Nb3
b6 16. Qe2 Rf7 17. Bd2 Raf8 18. Rae1 h5 19. h3 Bh6 20. Rf2 Kg7 21. Ref1 Nf5 22.
Bc1 Ng3 23. Qe1 Nxf1 24. Qxf1 Nh7 25. Rxf7+ Rxf7 26. Qe1 Qf5 27. Nd2 Ng5 28. Nf1
Nxh3+ 29. gxh3 Qxh3 30. Bd1 Bg5 31. Be2 Bh4 32. Qd1 Rf2 33. Nd2 Qg2# 0-1

[Event "Titled Tue 17th Jun Late"]
[Site "chess.com INT"]
[Date "2025.06.17"]
[Round "2"]
[White "Svane, Rasmus"]
[Black "Deng, Henry"]
[Result "1-0"]
[WhiteTitle "GM"]
[BlackTitle "FM"]
[WhiteElo "2626"]
[BlackElo "2327"]
[WhiteFideId "4657101"]
[BlackFideId "30965454"]
[EventDate "2025.06.17"]

1. Nf3 c5 2. c4 g6 3. d4 Bg7 4. d5 Nf6 5. Nc3 O-O 6. e4 d6 7. Be3 e6 8. h3 exd5
9. cxd5 Re8 10. Bd3 Bd7 11. a4 Na6 12. O-O Nb4 13. Re1 a6 14. Bf4 Qc7 15. Bf1 b5
16. axb5 axb5 17. Rxa8 Rxa8 18. Bxb5 Qb6 19. Bxd7 Nxd7 20. e5 dxe5 21. Nxe5 Nxe5
22. Bxe5 Bxe5 23. Rxe5 Qd6 24. Re1 Qf4 25. d6 Rd8 26. d7 Kg7 27. Re8 Qf6 28. Ne4
Qb6 29. Nxc5 Nc6 30. Rxd8 Nxd8 31. Qd4+ Kg8 32. b4 Nc6 33. Qd6 Nd8 34. Qxb6 1-0

[Event "Titled Tue 17th Jun Late"]
[Site "chess.com INT"]
[Date "2025.06.17"]
[Round "2"]
[White "Ferreira, Vitor Hugo Vieira"]
[Black "Da Matta, Eduardo Cesar"]
[Result "1-0"]
[WhiteElo "2128"]
[BlackElo "2047"]
[WhiteFideId "2119765"]
[BlackFideId "2193108"]
[EventDate "2025.06.17"]

1. e4 c5 2. Nf3 d6 3. d4 cxd4 4. Nxd4 Nf6 5. Nc3 Nc6 6. Bg5 e6 7. Qd2 a6 8.
O-O-O Bd7 9. f3 Nxd4 10. Qxd4 Be7 11. Kb1 b5 12. h4 Rb8 13. Bd3 Qb6 14. Qxb6
Rxb6 15. g4 h5 16. Be3 Rb7 17. g5 Nh7 18. g6 fxg6 19. e5 dxe5 20. Bxg6+ Kd8 21.
Be4 Rb8 22. Bc6 Nf8 23. Rxd7+ Nxd7 24. Rd1 Kc7 25. Rxd7+ Kxc6 26. Rxe7 Rbe8 27.
Rxg7 Rhg8 28. Ra7 Rg3 29. Rxa6+ Kc7 30. Nxb5+ Kb7 31. Rb6+ Kc8 32. Nd6+ 1-0

[Event "Titled Tue 17th Jun Late"]
[Site "chess.com INT"]
[Date "2025.06.17"]
[Round "2"]
[White "Ali, Sebbar"]
[Black "Fernandez Siles, Luis"]
[Result "1-0"]
[WhiteTitle "IM"]
[BlackTitle "FM"]
[WhiteElo "2400"]
[BlackElo "2170"]
[WhiteFideId "8100977"]
[BlackFideId "2209420"]
[EventDate "2025.06.17"]

1. e4 c5 2. Nc3 Nc6 3. f4 g6 4. Nf3 Bg7 5. Bc4 e6 6. f5 Nge7 7. fxe6 fxe6 8. d3
O-O 9. O-O d5 10. Bb3 Kh8 11. exd5 exd5 12. Bg5 Bf6 13. Bxf6+ Rxf6 14. Ng5 Bf5
15. g4 h6 16. gxf5 hxg5 17. fxg6 Rxg6 18. Rf7 Kg8 19. Qf1 Nd4 20. Re1 1-0

[Event "Titled Tue 17th Jun Late"]
[Site "chess.com INT"]
[Date "2025.06.17"]
[Round "2"]
[White "Eminov, Orkhan"]
[Black "Beyer, Lorenz"]
[Result "1-0"]
[WhiteTitle "FM"]
[BlackTitle "CM"]
[WhiteElo "2239"]
[BlackElo "2226"]
[WhiteFideId "13402153"]
[BlackFideId "16245393"]
[EventDate "2025.06.17"]

1. e4 e6 2. d4 d5 3. Nc3 dxe4 4. Nxe4 Nd7 5. Bd3 Ngf6 6. Nf3 Nxe4 7. Bxe4 Nf6 8.
Bg5 Be7 9. Bd3 h6 10. Bh4 O-O 11. Qe2 Nd5 12. Bg3 Bd6 13. O-O-O Bf4+ 14. Kb1
Bxg3 15. hxg3 Nb4 16. g4 Nxd3 17. Qxd3 f5 18. Ne5 b6 19. gxf5 exf5 20. Qc4+ Kh7
21. Qc6 Ba6 22. Rxh6+ gxh6 23. Qg6+ Kh8 24. Qxh6+ Kg8 25. Qg6+ Kh8 26. Rh1+ 1-0

[Event "Titled Tue 17th Jun Late"]
[Site "chess.com INT"]
[Date "2025.06.17"]
[Round "2"]
[White "Gasparyan, Erik R."]
[Black "Bouchet, Sebastien"]
[Result "1-0"]
[WhiteTitle "IM"]
[BlackTitle "CM"]
[WhiteElo "2372"]
[BlackElo "2180"]
[WhiteFideId "13315730"]
[BlackFideId "623571"]
[EventDate "2025.06.17"]

1. Nf3 c5 2. g3 g6 3. Bg2 Bg7 4. O-O Nc6 5. e4 Nf6 6. Re1 d5 7. exd5 Nxd5 8. Nc3
O-O 9. Nxd5 Qxd5 10. Ne5 Qd6 11. Nxc6 bxc6 12. Qe2 Re8 13. Rb1 Be6 14. b3 Bd5
15. d3 Bc3 16. Bd2 Bd4 17. Bf4 Qf6 18. Be5 Bxe5 19. Qxe5 Qxe5 20. Rxe5 f6 21.
Rxd5 cxd5 22. Bxd5+ Kg7 23. Bxa8 Rxa8 24. Re1 Kf7 25. Re4 e5 26. Rc4 Rc8 27. b4
Ke6 28. Rxc5 Rxc5 29. bxc5 Kd5 30. Kf1 Kxc5 31. c3 1-0

[Event "Titled Tue 17th Jun Late"]
[Site "chess.com INT"]
[Date "2025.06.17"]
[Round "2"]
[White "Noroozi, Omid"]
[Black "Ferraz, Michel Liah"]
[Result "1-0"]
[WhiteTitle "IM"]
[WhiteElo "2266"]
[BlackElo "2007"]
[WhiteFideId "12501190"]
[BlackFideId "22743219"]
[EventDate "2025.06.17"]

1. c4 Nf6 2. Nc3 e6 3. e4 d5 4. cxd5 exd5 5. e5 Ne4 6. d4 c5 7. Nxe4 dxe4 8. d5
a6 9. Qa4+ Bd7 10. Qxe4 Be7 11. Bd3 g6 12. d6 Bf8 13. Nf3 h6 14. O-O Bc6 15. Qe2
Bg7 16. e6 Qxd6 17. exf7+ Kxf7 18. Be3 Kg8 19. Rad1 Kh7 20. Nh4 Qf6 21. Bxg6+
Kg8 22. Qc4+ Kf8 23. Bxc5+ 1-0

[Event "Titled Tue 17th Jun Late"]
[Site "chess.com INT"]
[Date "2025.06.17"]
[Round "2"]
[White "Mekhitarian, Krikor Sevag"]
[Black "Martinez, Leonard"]
[Result "1-0"]
[WhiteTitle "GM"]
[WhiteElo "2564"]
[BlackElo "2216"]
[WhiteFideId "2107660"]
[BlackFideId "2020572"]
[EventDate "2025.06.17"]

1. Nf3 d5 2. c4 e6 3. d4 Nf6 4. Nc3 Be7 5. cxd5 O-O 6. dxe6 Bxe6 7. e4 Bb4 8.
Bd3 Bg4 9. Be3 Re8 10. Qc2 h6 11. O-O-O Nc6 12. d5 Bxf3 13. gxf3 Ne5 14. Be2 Ng6
15. Rhg1 Qe7 16. Kb1 c6 17. a3 Bxc3 18. d6 Qe6 19. Qxc3 Rad8 20. Bc4 Qe5 21.
Rxg6 Rxd6 22. Rxd6 Qxd6 23. Bxh6 1-0

[Event "Titled Tue 17th Jun Late"]
[Site "chess.com INT"]
[Date "2025.06.17"]
[Round "2"]
[White "Jakubowski, Krzysztof"]
[Black "Willim, Michael"]
[Result "1-0"]
[WhiteTitle "GM"]
[BlackTitle "CM"]
[WhiteElo "2448"]
[BlackElo "2024"]
[WhiteFideId "1112848"]
[BlackFideId "4632435"]
[EventDate "2025.06.17"]

1. e4 e6 2. d4 d5 3. Nc3 Nf6 4. e5 Nfd7 5. Nce2 c5 6. c3 Nc6 7. Nf3 cxd4 8. cxd4
f6 9. Nf4 Nb6 10. Bb5 Bb4+ 11. Bd2 Bxd2+ 12. Qxd2 O-O 13. Bxc6 bxc6 14. b3 fxe5
15. Nxe5 Qf6 16. Nfd3 Nd7 17. O-O Nxe5 18. dxe5 Qf5 19. Rfe1 Bd7 20. Nc5 Be8 21.
Re3 Bg6 22. Rae1 Rad8 23. Rf3 Qg4 24. h3 Qh5 25. Rxf8+ Rxf8 26. Nxe6 Be4 27.
Nxf8 Kxf8 28. Qf4+ Kg8 29. e6 1-0

[Event "Titled Tue 17th Jun Late"]
[Site "chess.com INT"]
[Date "2025.06.17"]
[Round "2"]
[White "Firouzja, Alireza"]
[Black "Haydon, David L"]
[Result "1-0"]
[WhiteTitle "GM"]
[BlackTitle "FM"]
[WhiteElo "2766"]
[BlackElo "2284"]
[WhiteFideId "12573981"]
[BlackFideId "415405"]
[EventDate "2025.06.17"]

1. Nf3 Nf6 2. g3 e6 3. Bg2 d5 4. O-O b6 5. d3 Bb7 6. Nbd2 c5 7. e4 Nc6 8. Re1
Qc7 9. c3 Be7 10. Qe2 O-O 11. e5 Nd7 12. Nf1 Rfe8 13. h4 a5 14. h5 b5 15. h6 g6
16. N1h2 d4 17. cxd4 Nxd4 18. Nxd4 cxd4 19. Ng4 Bxg2 20. Kxg2 Qc6+ 21. Qe4 Qxe4+
22. Rxe4 Nc5 23. Rxd4 Red8 24. Be3 Nxd3 25. Rd1 Rxd4 26. Bxd4 Nb4 27. a3 Nd5 28.
Rc1 a4 29. Rc6 b4 30. axb4 Bxb4 31. Bc5 Bxc5 32. Rxc5 Kf8 33. Rb5 Rc8 34. Rb7
Rc7 35. Rb8+ Ke7 36. Rh8 Rc4 37. Kh3 Rb4 38. Rxh7 Rxb2 39. Rh8 a3 40. h7 a2 41.
Ra8 Rb8 42. Ra7+ Nc7 43. Rxc7+ Kd8 44. Ra7 1-0

[Event "Titled Tue 17th Jun Late"]
[Site "chess.com INT"]
[Date "2025.06.17"]
[Round "2"]
[White "Aslanov, Umid"]
[Black "Cupid, Kevin"]
[Result "1-0"]
[WhiteTitle "FM"]
[BlackTitle "FM"]
[WhiteElo "2298"]
[BlackElo "2189"]
[WhiteFideId "13412620"]
[BlackFideId "7700512"]
[EventDate "2025.06.17"]

1. e4 c6 2. d4 d5 3. Nc3 dxe4 4. Nxe4 Nf6 5. Nxf6+ exf6 6. Bd3 Bd6 7. Qh5 Be6 8.
Ne2 Qc7 9. Qh4 Nd7 10. Bf4 Qa5+ 11. Bd2 Qa4 12. O-O h6 13. Rfe1 b5 14. Nc3 Qa6
15. a4 Qc8 16. axb5 O-O 17. bxc6 Nb6 18. Bxh6 gxh6 19. Qxh6 f5 20. Re3 Re8 21.
Rh3 1-0

[Event "Titled Tue 17th Jun Late"]
[Site "chess.com INT"]
[Date "2025.06.17"]
[Round "2"]
[White "Mika, Tomasz"]
[Black "Lin, Bryan Enming"]
[Result "1-0"]
[WhiteTitle "CM"]
[BlackTitle "FM"]
[WhiteElo "2227"]
[BlackElo "2343"]
[WhiteFideId "1132970"]
[BlackFideId "30987121"]
[EventDate "2025.06.17"]

1. e4 e5 2. Nf3 Nc6 3. Bc4 Nf6 4. Ng5 d5 5. exd5 b5 6. Bf1 Nxd5 7. Bxb5 Bb7 8.
Nf3 Qd6 9. Nc3 O-O-O 10. O-O Nd4 11. Nxd4 exd4 12. Qg4+ Kb8 13. Ne4 Qe5 14. d3
f5 15. Qg3 f4 16. Qg5 Qe6 17. Qxd8+ 1-0

[Event "Titled Tue 17th Jun Late"]
[Site "chess.com INT"]
[Date "2025.06.17"]
[Round "2"]
[White "Nurgaliyeva, Zarina"]
[Black "Yilmaz, Mustafa"]
[Result "1-0"]
[WhiteTitle "WFM"]
[BlackTitle "GM"]
[WhiteElo "2252"]
[BlackElo "2586"]
[WhiteFideId "13730096"]
[BlackFideId "6302718"]
[EventDate "2025.06.17"]

1. e4 g6 2. d4 b6 3. Bc4 Bb7 4. Nc3 e6 5. Qe2 Nc6 6. Nf3 Bg7 7. Be3 Nge7 8.
O-O-O Na5 9. Ba6 Qc8 10. Bxb7 Qxb7 11. h4 d5 12. e5 h5 13. Bg5 Nf5 14. Bf6 Nc4
15. Bxg7 Nxg7 16. Nh2 Nf5 17. g4 Nxh4 18. gxh5 Rxh5 19. Nf3 Rh7 20. Rxh4 Rh6 21.
Rxh6 O-O-O 22. Ng5 c5 23. Rh7 Rd7 24. Qf3 cxd4 25. Rxd4 Nxe5 26. Rh8+ Kc7 27.
Qf4 f6 28. Nxe6+ Kd6 29. Qxf6 Rf7 30. Ne4+ Kc6 31. Nd8+ Kb5 32. Nxb7 Rxf6 33.
Nxf6 1-0

[Event "Titled Tue 17th Jun Late"]
[Site "chess.com INT"]
[Date "2025.06.17"]
[Round "2"]
[White "Shukhman, Anna"]
[Black "Lopez Del Alamo, Antonio"]
[Result "1-0"]
[WhiteTitle "WGM"]
[BlackTitle "FM"]
[WhiteElo "2413"]
[BlackElo "2166"]
[WhiteFideId "54180058"]
[BlackFideId "2227339"]
[EventDate "2025.06.17"]

1. e4 c5 2. Nf3 e6 3. d4 cxd4 4. Nxd4 Nf6 5. Nc3 Nc6 6. a3 d6 7. Be3 Be7 8. Be2
O-O 9. f4 e5 10. Nxc6 bxc6 11. fxe5 dxe5 12. Qxd8 Bxd8 13. O-O-O Bb6 14. Bg5 Ng4
15. Rd6 Be3+ 16. Bxe3 Nxe3 17. g3 Ng4 18. Bxg4 Bxg4 19. Rxc6 Rfc8 20. Rxc8+ Rxc8
21. Kd2 Be6 22. Ke3 f6 23. Rd1 Kf7 24. Rd6 Ke7 25. Ra6 Rc7 26. Kd2 Bd7 27. Nd5+ 1-0

[Event "Titled Tue 17th Jun Late"]
[Site "chess.com INT"]
[Date "2025.06.17"]
[Round "2"]
[White "Borges, Wagner da Silva"]
[Black "Ozen, Batuhan"]
[Result "0-1"]
[WhiteTitle "CM"]
[BlackTitle "CM"]
[WhiteElo "2062"]
[BlackElo "2128"]
[WhiteFideId "2100401"]
[BlackFideId "6345123"]
[EventDate "2025.06.17"]

1. d4 Nf6 2. Nf3 e6 3. Bf4 Be7 4. e3 O-O 5. Bd3 d5 6. Nbd2 c5 7. c3 Nc6 8. Ne5
Nxe5 9. Bxe5 Nd7 10. Bg3 f5 11. h4 b6 12. Qe2 Nf6 13. f3 Bd6 14. Bf2 e5 15.
O-O-O cxd4 16. cxd4 e4 17. Bc2 a5 18. Ba4 Bd7 19. Bxd7 Qxd7 20. Kb1 Rfc8 21. Rc1
a4 0-1

[Event "Titled Tue 17th Jun Late"]
[Site "chess.com INT"]
[Date "2025.06.17"]
[Round "2"]
[White "Cornelisse, Lorelei"]
[Black "Matinian, Nikita"]
[Result "0-1"]
[WhiteTitle "WFM"]
[BlackTitle "GM"]
[WhiteElo "2138"]
[BlackElo "2421"]
[WhiteFideId "1087177"]
[BlackFideId "24129100"]
[EventDate "2025.06.17"]

1. d4 Nf6 2. Nc3 d5 3. Bf4 g6 4. e3 Bg7 5. h4 h5 6. Nf3 O-O 7. Ne5 c5 8. Qd2 Nc6
9. Be2 Ne4 10. Nxe4 dxe4 11. Nxc6 bxc6 12. O-O cxd4 13. Rfd1 e5 14. Bg3 Bf5 15.
Bc4 Qb6 16. Bb3 a5 17. exd4 exd4 18. Bd6 Rfd8 19. Qf4 a4 20. Bc7 Qb5 21. Bxd8
Rxd8 22. c4 Qb4 23. Bc2 d3 24. Bb1 Qxb2 25. a3 Qxa1 26. Qc7 Qf6 0-1

[Event "Titled Tue 17th Jun Late"]
[Site "chess.com INT"]
[Date "2025.06.17"]
[Round "2"]
[White "Silva Lucena, Cristian"]
[Black "Mafra, Kaiser Luiz"]
[Result "1-0"]
[WhiteTitle "FM"]
[BlackTitle "CM"]
[WhiteElo "2243"]
[BlackElo "2076"]
[WhiteFideId "2232588"]
[BlackFideId "2106698"]
[EventDate "2025.06.17"]

1. d4 Nf6 2. c4 g6 3. Nc3 Bg7 4. e4 d6 5. Be2 O-O 6. Be3 e5 7. d5 a5 8. g4 Na6
9. g5 Ne8 10. h4 f5 11. gxf6 Nxf6 12. h5 gxh5 13. Bxh5 Nc5 14. Bf3 Qe8 15. Nge2
Qf7 16. Ng3 Nxd5 17. Nxd5 Qxf3 18. Ne7+ Kh8 19. Ng6+ Kg8 20. Nxf8 Qxf8 21. Qh5
Nd3+ 22. Kd2 Nf4 23. Qxh7+ Kf7 24. Bxf4 exf4 25. Nh5 Be6 26. Rhg1 1-0

[Event "Titled Tue 17th Jun Late"]
[Site "chess.com INT"]
[Date "2025.06.17"]
[Round "2"]
[White "Dominguez Exposito, Ibon"]
[Black "Esipenko, Andrey"]
[Result "0-1"]
[WhiteTitle "CM"]
[BlackTitle "GM"]
[WhiteElo "2201"]
[BlackElo "2689"]
[WhiteFideId "54589452"]
[BlackFideId "24175439"]
[EventDate "2025.06.17"]

1. d4 d5 2. c4 dxc4 3. Nf3 Nf6 4. e3 Be6 5. Nc3 c5 6. e4 cxd4 7. Nxd4 Bg4 8. f3
e5 9. Ndb5 Be6 10. Qxd8+ Kxd8 11. Bg5 a6 12. O-O-O+ Nd7 13. Nd6 Bxd6 14. Rxd6
Kc7 15. Rd2 b5 16. Be2 Rhd8 17. Rhd1 Nc5 18. Be3 Rxd2 19. Rxd2 Ncd7 20. g4 h6
21. h4 Kc6 22. a3 Ne8 23. Rd1 Nd6 24. g5 hxg5 25. hxg5 Rh8 26. Rg1 Rh2 27. Kd2
Nc5 28. Bxc5 Kxc5 29. Ke3 a5 30. Nd1 b4 31. axb4+ axb4 32. Nf2 Nb5 33. Rc1 Nd4
34. Bf1 b3 35. Nd3+ Kd6 36. Ne1 Rxb2 37. Bxc4 Bxc4 38. Rxc4 Re2+ 0-1

[Event "Titled Tue 17th Jun Late"]
[Site "chess.com INT"]
[Date "2025.06.17"]
[Round "2"]
[White "Sohal, Tanraj"]
[Black "Danzer, George"]
[Result "1-0"]
[WhiteTitle "FM"]
[BlackTitle "CM"]
[WhiteElo "2234"]
[BlackElo "2172"]
[WhiteFideId "2608499"]
[BlackFideId "4659465"]
[EventDate "2025.06.17"]

1. d4 Nf6 2. c4 g6 3. Nf3 Bg7 4. e3 O-O 5. Be2 b6 6. O-O Bb7 7. b3 d5 8. Bb2
dxc4 9. bxc4 c5 10. d5 e6 11. dxe6 fxe6 12. Nc3 Nc6 13. Nb5 Qe7 14. Qd6 Qxd6 15.
Nxd6 Ba6 16. Ng5 Rad8 17. Rfd1 Ne8 18. Bxg7 Nxg7 19. Bg4 Ne5 20. Bxe6+ Nxe6 21.
Nxe6 Nxc4 22. Nxc4 Bxc4 23. Nxd8 1-0

[Event "Titled Tue 17th Jun Late"]
[Site "chess.com INT"]
[Date "2025.06.17"]
[Round "2"]
[White "Al-Tarboush, Ward"]
[Black "Rasulov, Vugar"]
[Result "0-1"]
[WhiteTitle "FM"]
[BlackTitle "GM"]
[WhiteElo "2223"]
[BlackElo "2483"]
[WhiteFideId "7601450"]
[BlackFideId "13402390"]
[EventDate "2025.06.17"]

1. e4 c5 2. Nf3 d6 3. d4 cxd4 4. Nxd4 Nf6 5. Nc3 a6 6. h3 e5 7. Nde2 h5 8. Bg5
Be6 9. g3 Nbd7 10. a4 Be7 11. Bg2 Rc8 12. O-O h4 13. g4 Qb6 14. b3 Nf8 15. a5
Qc7 16. Qd3 Ng6 17. Rfd1 O-O 18. Bxf6 Bxf6 19. Qxd6 Nf4 20. Qxc7 Rxc7 21. Rac1
Bg5 22. Nxf4 Bxf4 23. Nd5 Bxd5 24. exd5 Bxc1 25. Rxc1 Rc3 26. d6 Rb8 27. Bd5 Kf8
28. Bc4 Rd8 29. Rd1 Rxc2 30. Kg2 e4 31. Kf1 Rc3 32. Rd5 Rxh3 33. Rf5 Rf3 34. Rh5
Rxd6 0-1

[Event "Titled Tue 17th Jun Late"]
[Site "chess.com INT"]
[Date "2025.06.17"]
[Round "2"]
[White "Ngo, Quang Thai"]
[Black "Vera Gonzalez-Quevedo, Reynaldo"]
[Result "1-0"]
[WhiteTitle "FM"]
[BlackTitle "GM"]
[WhiteElo "2326"]
[BlackElo "2302"]
[WhiteFideId "12403768"]
[BlackFideId "3500055"]
[EventDate "2025.06.17"]

1. d4 d5 2. c4 e6 3. Nc3 c5 4. cxd5 exd5 5. Nf3 Nc6 6. dxc5 d4 7. Na4 Bxc5 8.
Nxc5 Qa5+ 9. Bd2 Qxc5 10. Rc1 Qb6 11. e3 Bg4 12. Bc4 Nh6 13. exd4 Nxd4 14. Bxh6
Qxh6 15. Bxf7+ Kxf7 16. Rc7+ Kf8 17. Qxd4 Bxf3 18. Qc5+ Kg8 19. Qc4+ Kf8 20.
Qf7# 1-0

[Event "Titled Tue 17th Jun Late"]
[Site "chess.com INT"]
[Date "2025.06.17"]
[Round "2"]
[White "Li, Xueyi"]
[Black "Mulawa, Cyprian"]
[Result "0-1"]
[WhiteTitle "WGM"]
[BlackTitle "FM"]
[WhiteElo "2220"]
[BlackElo "2324"]
[WhiteFideId "8605912"]
[BlackFideId "21001855"]
[EventDate "2025.06.17"]

1. d4 d5 2. c4 e6 3. g3 Nf6 4. Bg2 a6 5. Nf3 dxc4 6. O-O Nc6 7. Nc3 Be7 8. Qc2
O-O 9. e4 b5 10. a3 Bb7 11. Rd1 Na5 12. Be3 Nb3 13. Rab1 Qc8 14. e5 Nd5 15. Nd2
Nxe3 16. fxe3 Bg5 17. Nxb3 Bxe3+ 18. Kh1 cxb3 19. Qxb3 Bxg2+ 20. Kxg2 Qb7+ 21.
Kf1 Qf3+ 22. Ke1 Qf2# 0-1

[Event "Titled Tue 17th Jun Late"]
[Site "chess.com INT"]
[Date "2025.06.17"]
[Round "2"]
[White "Shandrygin, Nikita"]
[Black "Soto Vega, Jorge"]
[Result "1-0"]
[WhiteTitle "FM"]
[BlackTitle "FM"]
[WhiteElo "2209"]
[BlackElo "2353"]
[WhiteFideId "24198668"]
[BlackFideId "3800580"]
[EventDate "2025.06.17"]

1. Nf3 Nf6 2. g3 g6 3. d4 Bg7 4. Bg2 O-O 5. O-O d6 6. c4 Nc6 7. Nc3 a6 8. b3 Bf5
9. Bb2 Ne4 10. Rc1 Nxc3 11. Bxc3 e5 12. d5 Ne7 13. Nd2 c5 14. dxc6 bxc6 15. e4
Be6 16. f4 Qc7 17. Qc2 f6 18. f5 Bf7 19. Rcd1 c5 20. g4 Nc6 21. Nf3 a5 22. g5
gxf5 23. exf5 Rae8 24. g6 hxg6 25. fxg6 Be6 26. Nh4 Qd7 27. Qe2 Nd4 28. Bxd4
exd4 29. Qh5 Bh8 30. Nf5 Bxf5 31. Rxf5 Re5 32. Rxe5 fxe5 33. Bd5+ Kg7 34. Qh7+ 1-0

[Event "Titled Tue 17th Jun Late"]
[Site "chess.com INT"]
[Date "2025.06.17"]
[Round "2"]
[White "Reprintsev, Alexander"]
[Black "Dolinskaia, Mariia"]
[Result "1-0"]
[WhiteTitle "IM"]
[BlackTitle "WCM"]
[WhiteElo "2256"]
[BlackElo "1998"]
[WhiteFideId "14100541"]
[BlackFideId "54140064"]
[EventDate "2025.06.17"]

1. e4 c6 2. Nf3 d5 3. Nc3 Bg4 4. h3 Bxf3 5. Qxf3 e6 6. b3 Bc5 7. Qg3 Bd4 8. Ba3
Ne7 9. exd5 cxd5 10. Bb5+ Nbc6 11. O-O O-O 12. Rae1 a6 13. Bxc6 bxc6 14. Na4 Nf5
15. Qd3 Re8 16. g4 Qg5 17. Kh1 Nh4 18. Qxd4 e5 19. Qe3 Qf6 20. f4 e4 21. Bb2 Qh6
22. f5 Qd6 23. Qg5 Ng6 24. fxg6 1-0